Statistics for 100 Celebrity Brands

Click here to take the quiz!

General Stats

  • This quiz has been taken 9 times
  • The average score is 7 of 115

Answer Stats

CelebrityBrand% Correct
RihannaFenty Beauty
50%
Kylie JennerKylie Cosmetics
50%
Selena GomezRare Beauty
50%
Hailey BieberRhode
50%
Kanye WestYeezy
50%
Milly Bobby BrownFlorence by Mills
38%
Gwyneth PaltrowGoop
38%
Logan PaulPRIME
38%
Kim KardashianSkims
38%
Khloé KardashianGood American
25%
Harry StylesPleasing
25%
HalseyAbout Face
13%
Dr. DreBeats
13%
Shay MitchellBÉIS
13%
Emma ChamberlainChamberlain Coffee
13%
Cristiano RonaldoCR7
13%
Kate HudsonFabletics
13%
Drew BarrymoreFlower Beauty
13%
Lady GagaHaus Labs
13%
Addison RaeItem Beauty
13%
Jennifer LopezJLO Beauty
13%
Kourtney KardashianLemme
13%
Paul NewmanNewman's Own
13%
Patrick StarrrONE/SIZE
13%
Bella HadidOrebella
13%
Ariana GrandeR.E.M. Beauty
13%
Jessica AlbaThe Honest Company
13%
LizzoYitty
13%
Chris EvansA Starting Point
0%
Cameron DiazAvaline
0%
Ryan ReynoldsAviation Gin
0%
Travis BarkerBarker Wellness Co.
0%
Blake LivelyBetty Buzz
0%
Ellen PompeoCalamity Jane
0%
Carrie UnderwoodCALIA
0%
Eva LongoriaCasa Del Sol
0%
George ClooneyCasamigos
0%
Winnie HarlowCAY Skin
0%
BeyoncéCécred
0%
Sean (Diddy) CombsCiroc Vodka
0%
Kate MossCosmoss
0%
Chrissy TeigenCravings
0%
Michael StrahanDaily Defense
0%
Katy PerryDe Soi
0%
Reese WitherspoonDraper James
0%
Justin BieberDrewhouse
0%
Kendall JennerDrink 818
0%
Whoopi GoldbergDUBGEE
0%
Venus WilliamsEleVen
0%
Will FerrellFunny or Die
0%
Tyler the GreaterGolf le Fleur
0%
Hayley WilliamsGood Dye Young
0%
Gal GadotGoodles
0%
Gigi HadidGuest In Residence
0%
Gwen StefaniGXVE Beauty
0%
Jimmy FallonHands High
0%
Kristen BellHello Bello
0%
Elsa HoskHelsa
0%
Michelle PfeifferHenry Rose
0%
Rooney MaraHiraeth
0%
Courtney CoxHomecourt
0%
Nicole RichieHouse of Harlow
0%
Seth RogenHouseplant
0%
Pharrell WilliamsHumanrace
0%
Emily RatajkowskiInamorata
0%
Gisele BündchenIpanema
0%
Jaden SmithJUST Water
0%
Jonathan Van NessJVN Hair
0%
Alicia KeysKeys Soulcare
0%
Naomi OsakaKINLO
0%
Vanessa HudgensKNOW Beauty
0%
Miranda KerrKora Organics
0%
Hugh JackmanLaughing Man Coffee
0%
Brad PittLe Domaine
0%
Jennifer AnistonLolaVie
0%
Miles TellerLong Drink
0%
Camila MendesLoops Beauty
0%
Post MaloneMaison No. 9
0%
Dakota JohnsonMaude
0%
MadonnaMDNA
0%
Cindy CrawfordMeaningful Beauty
0%
Angelina JolieMiraval Rosé
0%
Robert De NiroNobu
0%
CiaraOAM Skin
0%
Camilla CabelloOlipop
0%
Jennifer GarnerOnce Upon a Farm
0%
Will SmithOverbrook Entertainment
0%
Oprah WinfreyOWN
0%
Tracee Ellis RossPattern Beauty
0%
Rebel WilsonREBEL X ANGELS
0%
Emma WatsonRenais Gin
0%
Jay-ZRoc Nation
0%
Rose Huntington-WhiteleyRose Inc
0%
Jordyn WoodsSecndnture
0%
Issa RaeSienna Naturals
0%
Sarah Jessica ParkerSJP
0%
Bethenny FrankelSkinnygirl
0%
Maria SharapovaSugarpova
0%
Mary J. BligeSun Goddess
0%
Simon CowellSyco Music
0%
Scott DisickTalentless
0%
Meghan MarkleThe Big
0%
Scarlett JohanssonThe Outset
0%
Mary-Kate and Ashley OlsenThe Row
0%
Sofia VergaraToty
0%
Jason DeruloTreo
0%
Candice SwanepoelTropic of C
0%
Nick JonasVilla One Tequila
0%
DrakeVirginia Black Whiskey
0%
Mark WahlbergWahlburgers
0%
Cardi BWhipshots
0%
Shaun WhiteWhitespace
0%
Matthew McConaugheyWild Turkey Longbranch Bourbon
0%
Justin TimberlakeWilliam Rast
0%
Dwayne JohnsonZOA
0%

Score Distribution

Percentile by Number Answered

Percent of People with Each Score

Your Score History

You have not taken this quiz